Multimediálny výučbový modul pre Petriho siete

Salvato in:
Dettagli Bibliografici
Autore principale: Kytka, Jozef (Autore)
Altri autori: Jelemenská, Katarína, 1962- (Relatore della tesi)
Natura: Manoscritto Libro
Lingua:slovacco
Pubblicazione: Bratislava : STU v Bratislave FIIT, 2005
Soggetti:
Tags: Aggiungi Tag
Nessun Tag, puoi essere il primo ad aggiungerne!!

MARC

LEADER 00000ntm a22000003a 4500
001 stu141134
005 20180423123825.8
008 070510s2005----xo------------------slo-d
040 |a STU  |b slo 
041 0 |a slo 
044 |a xo 
100 1 |a Kytka, Jozef  |4 aut 
245 1 |a Multimediálny výučbový modul pre Petriho siete 
260 |a Bratislava :  |b STU v Bratislave FIIT,  |c 2005 
300 |a 57 s  |c príl. 
650 7 |a počítačové systémy a siete  |2 stusub 
700 1 |a Jelemenská, Katarína,  |d 1962-  |4 ths  |u I100  |U FIIT Fakulta informatiky a informačných technológií  |T FIIT Ústav počítačových systémov a sietí  |X 1867  |U I100  |Y 178  |7 1867 
996 |b IZP49/05  |c I*ZP49/05  |l II680  |s A  |a 24  |w stu141134_0001